000 00407pab a2200169 454500
008 180718b2009 xxu||||| |||| 00| 0 eng d
100 _aAvinash Kumar
245 _aIllegitimacy of the state in Bihar
260 _c2009
300 _ap.8-10.
362 _a31Oct
650 _aViolence - India - Bihar
650 _aViolence
773 _aEconomic and Political Weekly
908 _aN
909 _a84367
999 _c84367
_d84367